000 00240nam a2200097Ia 4500
008 240331s9999 xx 000 0 und d
082 _bPOC
100 _aThompson, D. ed
245 4 _aThe pocket oxford dictionary of current English
942 _cL
999 _c3233
_d3233